000 00614nam a2200241 i 4500
001 C2-0225304
003 PPAK
005 20180728153546.0
008 000606s1997 nyu |||| ||||| | eng d
020 _a0440224608
040 _aPPAK
_beng
_cPPAK
_erda
082 0 4 _a823
_223
090 0 0 _a823
_bWHI
_dG
100 1 _aWhite, Robin,
_eauthor
245 1 0 _aSiberian light
264 1 _aNew York :
_bDell Publishing ,
_c1997
300 _a518 pages ;
_c18 cm
336 _2rdacontent
_atext
337 _2rdamedia
_aunmediated
338 _2rdacarrier
_avolume
650 1 0 _aEnglish fiction
942 _ddc
_cB
999 _c146026
_d146026